| 000 | 00696nam a2200169 4500 | ||
|---|---|---|---|
| 999 |
_c63797 _d63797 |
||
| 003 | Ge_BSU | ||
| 005 | 20260115163340.0 | ||
| 008 | 260115s1975 ge ||||| |||| 00| 0 geo d | ||
| 041 | _ageo | ||
| 080 | _a332.68 რ-52 | ||
| 100 |
_aრეხვიაშვილი, აკაკი _926690 |
||
| 245 |
_aდიფერენციული რენტა სოციალიზმის დროს / _cაკაკი რეხვიაშვილი. |
||
| 264 |
_aთბილისი : _bსაბჭ. საქართველო, _c1975. |
||
| 300 |
_a188 გვ. ; _b20 სმ. |
||
| 653 | _aდიფერენციული რენტა | ||
| 942 |
_2udc _cᲬᲘᲒᲜᲘ |
||